Celebrities in Disney Style Picture #2 - Statistics

General Stats
  • This quiz has been taken 121 times
  • The average score is 15 of 20
Answer Stats
Picture Answer % Correct
Michael Jackson
97%
Elton John
95%
Ed Sheeran
94%
Elvis Presley
94%
Snoop Dogg
93%
Ariana Grande
91%
Eminem
88%
Taylor Swift
88%
Billie Eilish
87%
Rihanna
81%
Kanye West
75%
John Lennon
71%
Beyoncé
69%
Drake
69%
Harry Styles
67%
Katy Perry
66%
Freddie Mercury
65%
Sabrina Carpenter
58%
Selena Gomez
55%
Lady Gaga
48%
No matching quizzes found
Score Distribution
Percent of People with Each Score
Percentile by Number Answered
Your Score History
You have not taken this quiz